书目信息 |
| 题名: |
铁路轨道
|
|
| 作者: | 谷爱军 主编 ;李向国 , 戴月辉 , 李斌 , 朱岳斌 编 | |
| 分册: | ||
| 出版信息: | 北京 中国铁道出版社 2005.01 |
|
| 页数: | 281页 | |
| 开本: | 26cm | |
| 丛书名: | 高职高专土木工程专业新编系列教材 | |
| 单 册: | ||
| 中图分类: | U213.2 | |
| 科图分类: | ||
| 主题词: | 轨道 (铁路)--gui dao ( tie lu )--高等教育--职业教育--教材 | |
| 电子资源: | ||
| ISBN: | 978-7-113-06130-2 | |
| 000 | 01191nam 2200313 450 | |
| 001 | CAL 012007005720 | |
| 005 | 20111230191734.48 | |
| 010 | @a978-7-113-06130-2@dCNY32.50 | |
| 100 | @a20070116d2005 em y0chiy50 ea | |
| 101 | 0 | @achi |
| 102 | @aCN@b110000 | |
| 105 | @aak aj 000yy | |
| 200 | 1 | @a铁路轨道@Atie lu gui dao@f谷爱军主编@g谷爱军 ... [等] 编 |
| 210 | @a北京@c中国铁道出版社@d2005.01 | |
| 215 | @a281页@c图@d26cm | |
| 225 | 2 | @a高职高专土木工程专业新编系列教材@Agao zhi gao zhuan tu mu gong cheng zhuan ye xin bian xi lie jiao cai |
| 304 | @a题名页题: 谷爱军, 李斌, 李向国, 戴月辉, 朱岳斌编。 | |
| 320 | @a有书目 (第281页) | |
| 330 | @a本书主要介绍了不同类型的铁路轨道结构及部件; 直线轨道及曲线轨道的几何形位; 轨道强度的静力计算, 轨道动力响应的准静态计算等。 | |
| 410 | 0 | @12001 @a高职高专土木工程专业新编系列教材 |
| 606 | 0 | @a轨道 (铁路)@Agui dao ( tie lu )@x高等教育@x职业教育@j教材 |
| 690 | @aU213.2@v4 | |
| 701 | 0 | @a谷爱军@Agu ai jun@4主编 |
| 702 | 0 | @a李向国@Ali xiang guo@4编 |
| 702 | 0 | @a戴月辉@Adai yue hui@4编 |
| 702 | 0 | @a李斌@Ali bin@4编 |
| 702 | 0 | @a朱岳斌@Azhu yue bin@4编 |
| 801 | 0 | @aCN@bCSU@c20111230 |
| 905 | @aZUCC@dU213.2@eG458@f2 | |
| 铁路轨道/谷爱军主编/谷爱军 ... [等] 编.-北京:中国铁道出版社,2005.01 |
| 281页:图;26cm.-(高职高专土木工程专业新编系列教材) |
| ISBN 978-7-113-06130-2:CNY32.50 |
| 本书主要介绍了不同类型的铁路轨道结构及部件; 直线轨道及曲线轨道的几何形位; 轨道强度的静力计算, 轨道动力响应的准静态计算等。 |
| ● |
| 相关链接 |
|
|
|
正题名:铁路轨道
索取号:U213.2/G458
 
预约/预借
| 序号 | 登录号 | 条形码 | 馆藏地/架位号 | 状态 | 备注 |
| 1 | 1193076 | 211930767 | 自科库501/501自科库 49排4列3层/ [索取号:U213.2/G458] | 在馆 | |
| 2 | 1193077 | 211930776 | 自科库501/501自科库 49排4列3层/ [索取号:U213.2/G458] | 在馆 |